Orgb With Mindtap (Record no. 42986)
[ view plain ]
| 000 -LEADER | |
|---|---|
| fixed length control field | 00302nam a2200121Ia 4500 |
| 008 - FIXED-LENGTH DATA ELEMENTS--GENERAL INFORMATION | |
| fixed length control field | 241028s9999 xx 000 0 und d |
| 041 ## - LANGUAGE CODE | |
| Language code of text/sound track or separate title | eng |
| 082 ## - DEWEY DECIMAL CLASSIFICATION NUMBER | |
| Classification number | 302.35 NEL |
| 100 ## - MAIN ENTRY--PERSONAL NAME | |
| Personal name | Nelson/ Quick |
| 245 ## - TITLE STATEMENT | |
| Title | Orgb With Mindtap |
| 260 ## - PUBLICATION, DISTRIBUTION, ETC. | |
| Name of publisher, distributor, etc. | Cengage Learning India |
| Place of publication, distribution, etc. | Dehli |
| Date of publication, distribution, etc. | 2022 |
| 300 ## - PHYSICAL DESCRIPTION | |
| Extent | 378;. P. 28 cm |
| Withdrawn status | Lost status | Damaged status | Not for loan | Home library | Current library | Shelving location | Date acquired | Cost, normal purchase price | Full call number | Barcode | Date last seen | Cost, replacement price | Price effective from | Koha item type |
|---|---|---|---|---|---|---|---|---|---|---|---|---|---|---|
| IMTN | IMTN | Rack 6-A | 07/03/2024 | 584.35 | 302.35 NEL | 33415 | 10/28/2024 | 899.00 | 10/28/2024 | Books |